| LEADER | 00898nam a22002417a 4500 | ||
|---|---|---|---|
| 001 | 42436 | ||
| 003 | BD-DhAAL | ||
| 005 | 20240708171103.0 | ||
| 008 | 240401t20212008ii ||||| |||| 00| 1 eng d | ||
| 020 | |a 9789390351138 | ||
| 040 | |a BD-DhAAL |d BD-DhAAL | ||
| 082 | |2 23 |a 823.92 | ||
| 100 | |a Adiga, Aravind. |9 56188 | ||
| 245 | |a The white tiger / |c Aravind Adiga. | ||
| 264 | |a New Delhi : |b HarperCollins publisher, |c 2021 | ||
| 300 | |a 276 pages ; |c 23 cm. | ||
| 586 | |a Winner of the Man Booker Prize 2008. | ||
| 650 | |a Chauffeurs |z India |z Bangalore |v Fiction. |9 56227 | ||
| 650 | |a Poor |z India |z Bangalore |v Fiction. |9 56228 | ||
| 650 | |a Ambition |v Fiction. |9 56229 | ||
| 942 | |c BK |2 ddc | ||
| 999 | |c 46489 |d 46489 | ||
| 952 | |0 0 |1 0 |2 ddc |4 0 |6 823_920000000000000_ADI |7 0 |9 75298 |a BRACUL |b BRACUL |c AWC |d 2024-03-28 |e R K Corporation |g 1015.00 |l 13 |m 1 |o 823.92 ADI |p 3010042436 |r 2025-09-02 |s 2025-08-26 |t 1 |v 1015.00 |w 2024-03-28 |y AWC | ||